| 000 | 00359nam a2200121Ia 4500 | ||
|---|---|---|---|
| 001 | IA_4448,08/10/2007,31/08/2011,0000001984 mx A 0000000000spa00," | ||
| 002 | 7) | ||
| 008 | 220117s xx 000 0 und d | ||
| 010 | _a183879 | ||
| 090 | _aFolleto 2366 | ||
| 100 |
_aPiƱa Razo _9155897 |
||
| 650 |
_aChile Habanero _xCultivo _9147852 |
||
| 999 |
_c183879 _d183879 |
||